A Z GUIDE TO JOB SEARCHING TAKE ON THE J (Record no. 11599)

MARC details
000 -LEADER
fixed length control field 00374nam a2200133Ia 4500
008 - FIXED-LENGTH DATA ELEMENTS--GENERAL INFORMATION
fixed length control field 240624s9999 xx 000 0 und d
041 ## - LANGUAGE CODE
Language code of text/sound track or separate title eng
082 ## - DEWEY DECIMAL CLASSIFICATION NUMBER
Classification number 650.14 SHA
100 ## - MAIN ENTRY--PERSONAL NAME
Personal name SHAVICK ANDREA
245 ## - TITLE STATEMENT
Title A Z GUIDE TO JOB SEARCHING TAKE ON THE J
260 ## - PUBLICATION, DISTRIBUTION, ETC.
Date of publication, distribution, etc. 2004
Place of publication, distribution, etc. New Delhi
Name of publisher, distributor, etc. Kogan Page India Private limited
300 ## - PHYSICAL DESCRIPTION
Extent ix, : 195 : p. : cm. ; 22
365 ## - TRADE PRICE
Currency code RS
Price amount 33
Holdings
Withdrawn status Lost status Damaged status Not for loan Home library Current library Shelving location Date acquired Source of acquisition Cost, normal purchase price Total Holds Full call number Barcode Date last seen Copy number Price effective from Koha item type
        IMTN IMTN Rack 18-B 11/12/2008 AP 150.00 1444 650.14 SHA 11599 06/24/2024 1 06/24/2024 Books
Designed & Maintained by: LRC IMT Nagpur Contact: lrc@imtnag.ac.in© 2024. All Rights Reserved.